[Event "XX Open Internacional Sant Marti 2018"]
[Site "Barcelona"]
[Date "2018.07.15"]
[Round "3.1"]
[White "Smirnov, Artem"]
[Black "Guseinov, Gadir"]
[Result "0-1"]
[BlackElo "2654"]
[WhiteElo "2405"]
[LiveChessVersion "1.4.8"]

1. d4 {[%clk 1:30:55]} d6 {[%clk 1:30:15]} 2. Nf3 {[%clk 1:31:14]} Nf6
{[%clk 1:30:14]} 3. c4 {[%clk 1:31:34]} g6 {[%clk 1:30:29]} 4. Nc3
{[%clk 1:31:57]} Bg7 {[%clk 1:30:55]} 5. e4 {[%clk 1:32:20]} O-O {[%clk 1:31:21]}
6. Be2 {[%clk 1:32:44]} c6 {[%clk 1:31:50]} 7. O-O {[%clk 1:32:29]} e5
{[%clk 1:32:15]} 8. d5 {[%clk 1:30:03]} Na6 {[%clk 1:32:41]} 9. Be3
{[%clk 1:30:14]} Ng4 {[%clk 1:33:04]} 10. Bg5 {[%clk 1:30:37]} f6
{[%clk 1:33:30]} 11. Bh4 {[%clk 1:30:41]} c5 {[%clk 1:33:55]} 12. Nd2
{[%clk 1:27:17]} Nh6 {[%clk 1:33:44]} 13. a3 {[%clk 1:26:49]} Nf7
{[%clk 1:33:23]} 14. f3 {[%clk 1:24:15]} Bh6 {[%clk 1:33:28]} 15. Bd3
{[%clk 1:23:50]} Nc7 {[%clk 1:30:35]} 16. b4 {[%clk 1:20:39]} b6 {[%clk 1:30:50]}
17. Rb1 {[%clk 1:19:19]} Ne8 {[%clk 1:30:04]} 18. Bc2 {[%clk 1:10:57]} Bd7
{[%clk 1:29:23]} 19. Re1 {[%clk 1:07:08]} Ng7 {[%clk 1:21:56]} 20. Nf1 Bg5
{[%clk 1:17:00]} 21. Bxg5 {[%clk 0:53:53]} Nxg5 {[%clk 1:17:11]} 22. bxc5
{[%clk 0:53:19]} bxc5 {[%clk 1:17:31]} 23. Ba4 {[%clk 0:52:40]} Bxa4
{[%clk 1:17:02]} 24. Qxa4 {[%clk 0:52:55]} f5 {[%clk 1:15:26]} 25. Ne3
{[%clk 0:38:59]} h5 {[%clk 1:05:13]} 26. Rb7 {[%clk 0:32:23]} Qf6
{[%clk 0:58:31]} 27. Rf1 {[%clk 0:28:15]} Rf7 {[%clk 0:56:50]} 28. Qc6
{[%clk 0:25:32]} Raf8 {[%clk 0:55:25]} 29. Rd7 {[%clk 0:17:44]} Rd8
{[%clk 0:40:00]} 30. Rxd8+ {[%clk 0:13:57]} Qxd8 {[%clk 0:40:18]} 31. Rb1
{[%clk 0:07:43]} fxe4 {[%clk 0:34:02]} 32. h4 {[%clk 0:04:31]} exf3
{[%clk 0:24:39]} 33. hxg5 {[%clk 0:04:15]} Qxg5 {[%clk 0:25:03]} 34. Ncd1
{[%clk 0:00:47]} f2+ {[%clk 0:21:07]} 35. Kf1 {[%clk 0:01:11]} Qh4
{[%clk 0:21:33]} 36. Qc8+ Kh7 {[%clk 0:22:02]} 37. Rb8 {[%clk 0:00:35]} Qh1+
{[%clk 0:21:08]} 38. Ke2 {[%clk 0:01:04]} f1=Q+ {[%clk 0:20:32]} 39. Nxf1
{[%clk 0:01:28]} Qxf1+ {[%clk 0:18:54]} 40. Kd2 {[%clk 0:01:47]} Qxg2+
{[%clk 0:19:19]} 41. Kc1 {[%clk 0:01:02]} Qg5+ {[%clk 0:19:43]} 0-1

[Event "XX Open Internacional Sant Marti 2018"]
[Site "Barcelona"]
[Date "2018.07.15"]
[Round "3.4"]
[White "Alarcon Casellas, Rolando"]
[Black "Alonso Rosell, Alvar"]
[Result "1/2-1/2"]
[BlackElo "2523"]
[WhiteElo "2389"]
[LiveChessVersion "1.4.8"]

1. d4 {[%clk 1:28:59]} Nf6 {[%clk 1:24:29]} 2. Bg5 {[%clk 1:28:58]} d5
{[%clk 1:24:45]} 3. Bxf6 {[%clk 1:28:57]} gxf6 {[%clk 1:25:04]} 4. c4
{[%clk 1:28:46]} dxc4 {[%clk 1:21:38]} 5. Nc3 {[%clk 1:29:02]} a6
{[%clk 1:06:41]} 6. a4 {[%clk 1:24:08]} Nc6 {[%clk 0:58:40]} 7. e3
{[%clk 1:24:09]} Na5 {[%clk 0:58:16]} 8. Qh5 {[%clk 1:24:30]} c6 {[%clk 0:34:08]}
9. Nf3 {[%clk 1:22:25]} Bg7 {[%clk 0:32:51]} 10. Be2 {[%clk 1:20:01]} O-O
{[%clk 0:31:20]} 11. Bd1 {[%clk 1:14:48]} f5 {[%clk 0:23:58]} 12. Bc2
{[%clk 1:14:23]} Qd6 {[%clk 0:24:06]} 13. Bxf5 {[%clk 1:12:56]} Bxf5
{[%clk 0:21:19]} 14. Qxf5 {[%clk 1:13:20]} Nb3 {[%clk 0:21:41]} 15. Rd1
{[%clk 1:12:42]} Qg6 {[%clk 0:16:11]} 16. Nh4 {[%clk 0:52:39]} Qxf5
{[%clk 0:12:13]} 17. Nxf5 {[%clk 0:52:54]} e6 {[%clk 0:12:39]} 18. Nxg7
{[%clk 0:48:07]} Kxg7 {[%clk 0:13:07]} 19. Ne4 {[%clk 0:48:14]} b5
{[%clk 0:10:12]} 20. Nd2 {[%clk 0:42:48]} Na5 {[%clk 0:10:35]} 21. Ra1
{[%clk 0:41:39]} Nb7 {[%clk 0:10:44]} 22. Ne4 {[%clk 0:35:38]} c5
{[%clk 0:02:01]} 23. dxc5 {[%clk 0:33:23]} f5 {[%clk 0:02:07]} 24. c6
{[%clk 0:32:48]} fxe4 {[%clk 0:00:39]} 25. cxb7 {[%clk 0:33:11]} Rab8
{[%clk 0:01:05]} 26. axb5 {[%clk 0:33:03]} axb5 {[%clk 0:01:11]} 27. Ra6
{[%clk 0:27:35]} Rxb7 {[%clk 0:01:34]} 28. Rxe6 {[%clk 0:25:08]} Ra7
{[%clk 0:01:38]} 29. Ke2 {[%clk 0:22:56]} c3 {[%clk 0:00:54]} 30. Rxe4
{[%clk 0:23:07]} Ra2 {[%clk 0:00:42]} 31. Rb4 {[%clk 0:22:21]} Rd8
{[%clk 0:00:37]} 32. Rd1 {[%clk 0:16:12]} Rxd1 {[%clk 0:00:47]} 33. Kxd1
{[%clk 0:16:38]} cxb2 {[%clk 0:01:10]} 34. Kc2 {[%clk 0:16:28]} b1=Q+
{[%clk 0:01:30]} 35. Kxb1 {[%clk 0:16:55]} Rxf2 {[%clk 0:01:53]} 36. Rxb5
{[%clk 0:16:44]} Rxg2 {[%clk 0:02:17]} 37. Rb2 {[%clk 0:17:12]} Rg4
{[%clk 0:01:34]} 38. Kc2 {[%clk 0:17:36]} h5 {[%clk 0:01:33]} 39. Kd3
{[%clk 0:18:01]} Kf6 {[%clk 0:00:44]} 40. e4 {[%clk 0:13:41]} Rh4
{[%clk 0:01:05]} 41. Kd4 {[%clk 0:13:47]} Ke6 {[%clk 0:01:29]} 42. Rf2
{[%clk 0:10:32]} Rh3 {[%clk 0:01:51]} 43. Ra2 {[%clk 0:10:21]} Rh4
{[%clk 0:02:14]} 44. Rb2 {[%clk 0:09:01]} Rh3 {[%clk 0:02:41]} 45. Re2
{[%clk 0:09:27]} Rh4 {[%clk 0:02:39]} 46. Ra2 1/2-1/2

[Event "XX Open Internacional Sant Marti 2018"]
[Site "Barcelona"]
[Date "2018.07.15"]
[Round "3.5"]
[White "Cuartas, Jaime Alexander"]
[Black "Neelash, Saha"]
[Result "1/2-1/2"]
[BlackElo "2319"]
[WhiteElo "2508"]
[LiveChessVersion "1.4.8"]

1. e4 {[%clk 1:30:47]} c5 {[%clk 1:30:51]} 2. Nf3 {[%clk 1:31:09]} d6
{[%clk 1:31:17]} 3. d4 {[%clk 1:31:35]} cxd4 {[%clk 1:31:41]} 4. Nxd4
{[%clk 1:32:01]} Nf6 {[%clk 1:32:06]} 5. f3 {[%clk 1:32:26]} e5 {[%clk 1:28:22]}
6. Bb5+ {[%clk 1:32:42]} Bd7 {[%clk 1:17:07]} 7. Bxd7+ {[%clk 1:33:01]} Nbxd7
{[%clk 1:17:32]} 8. Nf5 {[%clk 1:33:12]} Nb6 {[%clk 1:17:55]} 9. c4
{[%clk 1:33:11]} Rc8 {[%clk 1:16:48]} 10. b3 {[%clk 1:33:26]} g6 {[%clk 1:15:59]}
11. Ne3 {[%clk 1:32:40]} Bh6 {[%clk 1:08:39]} 12. Nc3 {[%clk 1:32:08]} Rc6
{[%clk 1:05:56]} 13. O-O {[%clk 1:30:09]} O-O {[%clk 1:05:34]} 14. Rf2
{[%clk 1:20:41]} Ne8 {[%clk 1:02:35]} 15. Ng4 {[%clk 1:18:17]} Bg7
{[%clk 0:57:10]} 16. Rd2 {[%clk 1:17:01]} f5 {[%clk 0:55:51]} 17. Nf2
{[%clk 1:16:56]} Nc8 {[%clk 0:50:50]} 18. b4 {[%clk 1:03:15]} Kh8
{[%clk 0:44:19]} 19. c5 {[%clk 0:56:35]} a5 {[%clk 0:38:10]} 20. Ba3
{[%clk 0:54:49]} axb4 {[%clk 0:36:07]} 21. Bxb4 {[%clk 0:55:13]} Qg5
{[%clk 0:32:52]} 22. cxd6 {[%clk 0:55:21]} Nexd6 {[%clk 0:33:19]} 23. Qe2
{[%clk 0:44:43]} Re8 {[%clk 0:28:26]} 24. Rad1 {[%clk 0:43:58]} Bf8
{[%clk 0:26:27]} 25. Rd5 {[%clk 0:32:43]} Qf6 {[%clk 0:22:24]} 26. Qd3
{[%clk 0:28:17]} Nc4 {[%clk 0:13:13]} 27. Rd8 {[%clk 0:28:16]} N8d6
{[%clk 0:13:12]} 28. Rxe8 {[%clk 0:22:46]} Nxe8 {[%clk 0:13:36]} 29. Bxf8
{[%clk 0:18:00]} Nb2 {[%clk 0:11:35]} 30. Qd8 {[%clk 0:18:20]} Qxf8
{[%clk 0:12:00]} 31. Rc1 {[%clk 0:17:36]} Kg7 {[%clk 0:09:24]} 32. Ne2
{[%clk 0:11:21]} Nd6 {[%clk 0:03:41]} 33. Qa5 {[%clk 0:09:07]} Rxc1+
{[%clk 0:02:16]} 34. Nxc1 {[%clk 0:09:31]} Nbc4 {[%clk 0:02:44]} 35. Qc3
{[%clk 0:09:25]} fxe4 {[%clk 0:01:22]} 36. Nxe4 {[%clk 0:09:22]} Nxe4
{[%clk 0:01:22]} 37. Qxc4 {[%clk 0:09:37]} Qc5+ {[%clk 0:01:46]} 38. Qxc5
{[%clk 0:10:03]} Nxc5 {[%clk 0:02:15]} 39. Kf2 {[%clk 0:10:27]} Kf6
{[%clk 0:02:02]} 40. Ke3 {[%clk 0:10:25]} h5 {[%clk 0:00:57]} 41. Ne2
{[%clk 0:08:55]} h4 {[%clk 0:00:42]} 42. Nc3 {[%clk 0:09:16]} Kf5
{[%clk 0:01:08]} 43. g3 {[%clk 0:08:14]} hxg3 {[%clk 0:01:34]} 44. hxg3
{[%clk 0:08:42]} Ke6 {[%clk 0:01:12]} 45. g4 {[%clk 0:07:57]} Na6
{[%clk 0:01:25]} 46. Kd3 {[%clk 0:06:34]} Nb4+ {[%clk 0:00:56]} 47. Kc4
{[%clk 0:06:58]} Nc2 {[%clk 0:01:23]} 48. Ne4 {[%clk 0:06:21]} Nd4
{[%clk 0:00:52]} 49. Nc5+ {[%clk 0:06:33]} Kd6 {[%clk 0:00:44]} 50. Nxb7+
{[%clk 0:06:31]} Kc7 {[%clk 0:01:13]} 51. Nc5 {[%clk 0:06:39]} Nxf3
{[%clk 0:01:38]} 52. Kd5 {[%clk 0:06:27]} g5 {[%clk 0:00:42]} 53. Nd3
{[%clk 0:05:54]} Kb6 {[%clk 0:00:37]} 54. Nxe5 {[%clk 0:05:39]} Nh2
{[%clk 0:01:06]} 55. Kc4 {[%clk 0:05:46]} Ka5 {[%clk 0:00:50]} 56. Kb3
{[%clk 0:05:58]} Kb5 {[%clk 0:01:16]} 57. a4+ {[%clk 0:06:17]} Ka5
{[%clk 0:01:35]} 58. Ka3 {[%clk 0:06:39]} Nf1 {[%clk 0:02:00]} 59. Nc4+
{[%clk 0:07:02]} Ka6 {[%clk 0:02:24]} 60. Kb4 {[%clk 0:07:20]} Nh2
{[%clk 0:02:08]} 61. Ne5 {[%clk 0:07:35]} Nf1 {[%clk 0:02:34]} 62. a5
{[%clk 0:06:12]} Ne3 {[%clk 0:02:36]} 63. Ka4 {[%clk 0:06:35]} Nd5
{[%clk 0:02:29]} 64. Nc6 {[%clk 0:06:34]} Nc3+ {[%clk 0:02:14]} 65. Kb3
{[%clk 0:06:52]} Ne4 {[%clk 0:02:35]} 66. Kb4 {[%clk 0:07:09]} Nf6
{[%clk 0:03:00]} 67. Ne5 {[%clk 0:06:07]} Nd5+ {[%clk 0:03:22]} 68. Ka4
{[%clk 0:06:27]} Nc3+ {[%clk 0:03:41]} 69. Kb3 {[%clk 0:06:34]} Nd5
{[%clk 0:04:07]} 70. Kc4 {[%clk 0:06:51]} Ne3+ {[%clk 0:04:31]} 71. Kb4
{[%clk 0:07:14]} Nd5+ {[%clk 0:04:56]} 72. Kc5 {[%clk 0:07:37]} Nf6
{[%clk 0:04:40]} 73. Kb4 {[%clk 0:07:53]} Nd5+ {[%clk 0:05:05]} 1/2-1/2

[Event "XX Open Internacional Sant Marti 2018"]
[Site "Barcelona"]
[Date "2018.07.15"]
[Round "3.6"]
[White "Vidarte Morales, Arturo"]
[Black "Munoz, Miguel"]
[Result "1/2-1/2"]
[BlackElo "2500"]
[WhiteElo "2381"]
[LiveChessVersion "1.4.8"]

1. c4 {[%clk 1:30:54]} Nf6 {[%clk 1:23:31]} 2. Nc3 {[%clk 1:31:07]} g6
{[%clk 1:23:29]} 3. e4 {[%clk 1:31:29]} d6 {[%clk 1:23:54]} 4. d4
{[%clk 1:31:36]} Bg7 {[%clk 1:24:19]} 5. Nge2 {[%clk 1:31:21]} Nc6
{[%clk 1:22:42]} 6. f3 {[%clk 1:31:39]} O-O {[%clk 1:19:43]} 7. Be3
{[%clk 1:31:42]} a6 {[%clk 1:20:05]} 8. Qd2 {[%clk 1:31:09]} Rb8 {[%clk 1:20:30]}
9. Rb1 {[%clk 1:30:28]} e5 {[%clk 1:20:24]} 10. d5 {[%clk 1:29:48]} Ne7
{[%clk 1:19:03]} 11. Ng3 {[%clk 1:29:25]} h5 {[%clk 1:19:09]} 12. Bd3
{[%clk 1:29:33]} Nh7 {[%clk 1:16:17]} 13. O-O {[%clk 1:28:24]} 1/2-1/2

[Event "XX Open Internacional Sant Marti 2018"]
[Site "Barcelona"]
[Date "2018.07.15"]
[Round "3.7"]
[White "Oliva Castaneda, Kevel"]
[Black "Cruz, Filemon"]
[Result "1/2-1/2"]
[BlackElo "2314"]
[WhiteElo "2491"]
[LiveChessVersion "1.4.8"]

1. d4 {[%clk 1:30:30]} Nf6 {[%clk 1:28:39]} 2. c4 {[%clk 1:30:55]} e6
{[%clk 1:28:59]} 3. g3 {[%clk 1:31:20]} c5 {[%clk 1:28:46]} 4. d5
{[%clk 1:31:44]} exd5 {[%clk 1:29:00]} 5. cxd5 {[%clk 1:32:09]} d6
{[%clk 1:29:18]} 6. Nc3 {[%clk 1:32:34]} g6 {[%clk 1:29:27]} 7. Bg2
{[%clk 1:33:00]} Bg7 {[%clk 1:29:44]} 8. Nf3 {[%clk 1:33:26]} O-O
{[%clk 1:29:59]} 9. O-O {[%clk 1:33:52]} Re8 {[%clk 1:30:12]} 10. Bf4
{[%clk 1:34:15]} a6 {[%clk 1:26:00]} 11. a4 {[%clk 1:34:37]} Qc7 {[%clk 1:24:41]}
12. h3 {[%clk 1:12:25]} Nbd7 {[%clk 1:23:26]} 13. Qc2 {[%clk 1:07:57]} Rb8
{[%clk 1:17:15]} 14. a5 {[%clk 1:06:16]} b5 {[%clk 1:16:52]} 15. axb6
{[%clk 1:06:40]} Nxb6 {[%clk 1:08:03]} 16. e4 {[%clk 1:06:09]} Nfd7
{[%clk 1:08:26]} 17. Rfe1 {[%clk 0:46:56]} Nc4 {[%clk 1:03:21]} 18. Ra2
{[%clk 0:40:31]} Rb4 {[%clk 0:58:40]} 19. Nd1 {[%clk 0:34:15]} Qb8
{[%clk 0:41:37]} 20. b3 {[%clk 0:33:26]} Nce5 {[%clk 0:41:25]} 21. Nd2
{[%clk 0:33:40]} c4 {[%clk 0:35:11]} 22. bxc4 {[%clk 0:30:47]} Nc5
{[%clk 0:35:29]} 23. Be3 {[%clk 0:28:13]} Ned3 {[%clk 0:35:14]} 24. Rf1
{[%clk 0:28:32]} Bd7 {[%clk 0:35:32]} 25. Nc3 {[%clk 0:25:47]} Rc8
{[%clk 0:33:28]} 26. f4 {[%clk 0:24:45]} 1/2-1/2

[Event "XX Open Internacional Sant Marti 2018"]
[Site "Barcelona"]
[Date "2018.07.15"]
[Round "3.8"]
[White "Mitrabha, Guha"]
[Black "Cori Quispe, Kevin Joel"]
[Result "1-0"]
[BlackElo "2487"]
[WhiteElo "2299"]
[LiveChessVersion "1.4.8"]

1. d4 {[%clk 1:30:57]} Nf6 {[%clk 1:17:38]} 2. Nf3 {[%clk 1:31:20]} g6
{[%clk 1:17:25]} 3. Nbd2 {[%clk 1:31:41]} d5 {[%clk 1:17:04]} 4. b4
{[%clk 1:32:01]} a5 {[%clk 1:16:48]} 5. b5 {[%clk 1:32:21]} Bg7 {[%clk 1:16:45]}
6. e3 {[%clk 1:32:43]} c5 {[%clk 1:17:01]} 7. bxc6 {[%clk 1:32:59]} Nxc6
{[%clk 1:17:24]} 8. Bb5 {[%clk 1:31:26]} O-O {[%clk 1:16:49]} 9. O-O
{[%clk 1:31:37]} Bf5 {[%clk 1:15:31]} 10. Bxc6 {[%clk 1:17:55]} bxc6
{[%clk 1:15:55]} 11. Nb3 {[%clk 1:18:13]} Ne4 {[%clk 1:14:30]} 12. Ba3
{[%clk 1:18:01]} Nc3 {[%clk 1:14:29]} 13. Qd2 {[%clk 1:18:11]} Nb5
{[%clk 1:14:51]} 14. Bc1 {[%clk 1:16:12]} a4 {[%clk 1:12:06]} 15. Nc5
{[%clk 1:16:37]} Nd6 {[%clk 1:07:22]} 16. Qd1 {[%clk 1:15:48]} Re8
{[%clk 1:03:52]} 17. Ba3 {[%clk 1:15:03]} Nc4 {[%clk 1:00:06]} 18. Bb4
{[%clk 1:15:16]} Bg4 {[%clk 1:00:23]} 19. h3 {[%clk 1:13:51]} Bxf3
{[%clk 1:00:46]} 20. Qxf3 {[%clk 1:14:20]} e5 {[%clk 1:01:05]} 21. dxe5
{[%clk 1:12:00]} Bxe5 {[%clk 0:59:06]} 22. Rab1 {[%clk 1:12:20]} Bg7
{[%clk 0:52:13]} 23. e4 {[%clk 1:03:25]} dxe4 {[%clk 0:40:52]} 24. Nxe4
{[%clk 1:03:46]} Qh4 {[%clk 0:40:40]} 25. Rfe1 {[%clk 0:59:01]} f5
{[%clk 0:32:06]} 26. Nc5 {[%clk 0:48:42]} Ne5 {[%clk 0:32:17]} 27. Qe2
{[%clk 0:47:25]} Bf8 {[%clk 0:31:40]} 28. Na6 {[%clk 0:42:27]} Bxb4
{[%clk 0:25:07]} 29. Nxb4 {[%clk 0:42:52]} Rad8 {[%clk 0:22:10]} 30. Qf1
{[%clk 0:35:15]} Re7 {[%clk 0:17:50]} 31. Rxe5 {[%clk 0:34:59]} Rxe5
{[%clk 0:18:07]} 32. Nxc6 {[%clk 0:35:27]} Rc5 {[%clk 0:18:04]} 33. Nxd8
{[%clk 0:35:43]} Qxd8 {[%clk 0:18:29]} 34. Qa6 {[%clk 0:35:09]} Qc8
{[%clk 0:13:24]} 35. Qa7 {[%clk 0:29:17]} Rc7 {[%clk 0:13:36]} 36. Rb8
{[%clk 0:29:24]} Rxa7 {[%clk 0:14:02]} 37. Rxc8+ {[%clk 0:29:52]} Kf7
{[%clk 0:14:25]} 38. Rc4 {[%clk 0:29:54]} Ke6 {[%clk 0:14:08]} 39. a3
{[%clk 0:28:28]} Kd5 {[%clk 0:12:59]} 40. Rb4 {[%clk 0:28:57]} Rc7
{[%clk 0:11:24]} 41. Rxa4 {[%clk 0:29:25]} Rxc2 {[%clk 0:11:44]} 42. Ra7
{[%clk 0:29:43]} Ra2 {[%clk 0:12:09]} 43. g3 {[%clk 0:29:41]} Ke5
{[%clk 0:11:59]} 44. Kg2 {[%clk 0:29:56]} Kf6 {[%clk 0:11:04]} 45. Kf3
{[%clk 0:30:13]} h6 {[%clk 0:11:23]} 46. Ra6+ {[%clk 0:30:35]} Kg5
{[%clk 0:10:54]} 47. Ke3 {[%clk 0:28:53]} Kh5 {[%clk 0:10:52]} 48. Ra5
{[%clk 0:27:31]} Kg5 {[%clk 0:10:46]} 49. Kf3 {[%clk 0:25:30]} Ra1
{[%clk 0:10:45]} 50. Ra6 {[%clk 0:24:08]} Ra2 {[%clk 0:11:05]} 51. Kg2
{[%clk 0:24:27]} Kh5 {[%clk 0:11:01]} 52. Ra8 {[%clk 0:23:41]} Kg5
{[%clk 0:10:48]} 53. Ra4 {[%clk 0:24:04]} Ra1 {[%clk 0:10:02]} 54. Ra6
{[%clk 0:24:19]} Ra2 {[%clk 0:10:23]} 55. Ra5 {[%clk 0:23:18]} Ra1
{[%clk 0:10:41]} 56. h4+ {[%clk 0:23:43]} Kh5 {[%clk 0:10:00]} 57. Kf3
{[%clk 0:19:39]} Ra2 {[%clk 0:10:04]} 58. Ke3 {[%clk 0:19:29]} Kg4
{[%clk 0:09:49]} 59. Ra4+ {[%clk 0:19:43]} Kh5 {[%clk 0:10:13]} 60. Ra6
{[%clk 0:19:28]} Ra1 {[%clk 0:10:01]} 61. Kf4 {[%clk 0:18:56]} Rf1
{[%clk 0:09:30]} 62. Ke3 {[%clk 0:18:44]} Ra1 {[%clk 0:09:39]} 63. Kf3
{[%clk 0:19:05]} Ra2 {[%clk 0:09:57]} 64. Ra5 {[%clk 0:17:58]} Ra1
{[%clk 0:10:15]} 65. Kf4 {[%clk 0:18:04]} Ra2 {[%clk 0:09:33]} 66. f3
{[%clk 0:16:42]} Ra1 {[%clk 0:09:11]} 67. Ra6 {[%clk 0:14:58]} Rf1
{[%clk 0:08:46]} 68. Ke3 {[%clk 0:12:45]} Re1+ {[%clk 0:09:02]} 69. Kf2
{[%clk 0:13:09]} Ra1 {[%clk 0:09:24]} 70. Ra5 {[%clk 0:12:58]} Ra2+
{[%clk 0:09:24]} 71. Ke3 {[%clk 0:13:26]} Ra1 {[%clk 0:09:28]} 72. Ra8
{[%clk 0:13:24]} Re1+ {[%clk 0:09:32]} 73. Kf2 {[%clk 0:13:46]} Ra1
{[%clk 0:09:56]} 74. Ra6 {[%clk 0:13:54]} Ra2+ {[%clk 0:09:49]} 75. Ke3
{[%clk 0:14:22]} Ra1 {[%clk 0:10:14]} 76. Ra5 {[%clk 0:14:41]} Re1+
{[%clk 0:10:10]} 77. Kf2 {[%clk 0:15:10]} Ra1 {[%clk 0:10:32]} 78. Kg2
{[%clk 0:15:31]} Rb1 {[%clk 0:10:10]} 79. Rc5 {[%clk 0:14:03]} Ra1
{[%clk 0:10:03]} 80. Ra5 {[%clk 0:12:57]} Rb1 {[%clk 0:10:18]} 81. a4
{[%clk 0:11:46]} Ra1 {[%clk 0:10:37]} 82. Ra8 Ra2+ {[%clk 0:10:22]} 83. Kh3
{[%clk 0:11:37]} Ra3 {[%clk 0:10:44]} 84. Kg2 {[%clk 0:12:02]} Ra2+
{[%clk 0:11:09]} 85. Kf1 {[%clk 0:12:25]} Ra3 {[%clk 0:11:05]} 86. Kf2
{[%clk 0:12:49]} Ra2+ {[%clk 0:11:30]} 87. Kf1 {[%clk 0:12:19]} Ra1+
{[%clk 0:11:45]} 88. Kg2 {[%clk 0:12:45]} Ra2+ {[%clk 0:12:12]} 89. Kh3
{[%clk 0:13:12]} Ra3 {[%clk 0:12:38]} 90. f4 {[%clk 0:13:36]} Ra2
{[%clk 0:11:57]} 91. Ra5 {[%clk 0:13:46]} Ra3 {[%clk 0:12:17]} 92. Rd5
{[%clk 0:13:54]} Rb3 {[%clk 0:06:02]} 93. a5 {[%clk 0:14:19]} Ra3
{[%clk 0:06:29]} 94. a6 {[%clk 0:14:45]} g5 {[%clk 0:06:53]} 95. hxg5
{[%clk 0:15:10]} hxg5 {[%clk 0:07:14]} 96. Rxf5 {[%clk 0:15:35]} 1-0

[Event "XX Open Internacional Sant Marti 2018"]
[Site "Barcelona"]
[Date "2018.07.15"]
[Round "3.9"]
[White "Navarro Lopez-Menchero, Daniel"]
[Black "Aguero Jimenez, Luis Lazaro"]
[Result "0-1"]
[BlackElo "2473"]
[WhiteElo "2297"]
[LiveChessVersion "1.4.8"]

1. e4 {[%clk 1:30:06]} e5 {[%clk 1:30:53]} 2. Nf3 {[%clk 1:30:24]} Nc6
{[%clk 1:31:19]} 3. Bc4 {[%clk 1:30:38]} Bc5 {[%clk 1:31:38]} 4. O-O
{[%clk 1:30:24]} Nf6 {[%clk 1:32:00]} 5. d3 {[%clk 1:30:41]} d6 {[%clk 1:32:15]}
6. c3 {[%clk 1:27:40]} O-O {[%clk 1:29:48]} 7. a4 {[%clk 1:27:54]} a5
{[%clk 1:29:32]} 8. h3 {[%clk 1:24:24]} Ba7 {[%clk 1:29:40]} 9. Qb3
{[%clk 1:17:40]} Qe7 {[%clk 1:24:12]} 10. Na3 Nd8 {[%clk 1:24:18]} 11. Nc2
{[%clk 1:12:50]} Ne6 {[%clk 1:22:59]} 12. Be3 {[%clk 0:53:52]} Nh5
{[%clk 1:20:25]} 13. Bxa7 {[%clk 0:42:49]} Rxa7 {[%clk 1:20:49]} 14. Ne3
{[%clk 0:43:15]} Nhf4 {[%clk 1:19:50]} 15. Kh2 {[%clk 0:40:50]} g6
{[%clk 1:06:44]} 16. g3 {[%clk 0:32:14]} Nxh3 {[%clk 1:02:46]} 17. Nd5
{[%clk 0:32:28]} Qd8 {[%clk 1:02:59]} 0-1

[Event "XX Open Internacional Sant Marti 2018"]
[Site "Barcelona"]
[Date "2018.07.15"]
[Round "3.10"]
[White "Fernandez Cardoso, Alexey"]
[Black "Sapale, Saloni"]
[Result "1-0"]
[BlackElo "2145"]
[WhiteElo "2439"]
[LiveChessVersion "1.4.8"]

1. e4 {[%clk 1:28:52]} e6 {[%clk 1:29:49]} 2. d4 {[%clk 1:29:10]} d5
{[%clk 1:30:11]} 3. Nd2 {[%clk 1:29:33]} Nf6 {[%clk 1:30:26]} 4. e5
{[%clk 1:29:55]} Nfd7 {[%clk 1:30:49]} 5. f4 {[%clk 1:30:18]} c5 {[%clk 1:31:01]}
6. c3 {[%clk 1:30:40]} Nc6 {[%clk 1:31:13]} 7. Ndf3 {[%clk 1:31:02]} cxd4
{[%clk 1:31:15]} 8. cxd4 {[%clk 1:31:24]} a5 {[%clk 1:31:21]} 9. a4
{[%clk 1:29:40]} f6 {[%clk 1:31:26]} 10. g3 {[%clk 1:20:58]} Be7 {[%clk 1:31:43]}
11. Bh3 {[%clk 1:19:33]} Bb4+ {[%clk 1:23:57]} 12. Kf2 {[%clk 1:17:47]} Qe7
{[%clk 1:21:44]} 13. Kg2 {[%clk 1:16:26]} O-O {[%clk 1:19:36]} 14. Ne2
{[%clk 1:15:44]} b6 {[%clk 1:16:13]} 15. Nc3 {[%clk 1:12:18]} fxe5
{[%clk 1:01:06]} 16. fxe5 {[%clk 1:08:51]} Rxf3 {[%clk 1:00:28]} 17. Kxf3
{[%clk 1:09:04]} Bb7 {[%clk 1:00:21]} 18. Kg2 {[%clk 1:06:38]} Nxd4
{[%clk 0:39:12]} 19. Qxd4 {[%clk 1:05:39]} Bc5 {[%clk 0:39:35]} 20. Qg4
{[%clk 0:59:52]} d4+ {[%clk 0:36:30]} 21. Ne4 {[%clk 1:00:12]} Nxe5
{[%clk 0:35:55]} 22. Qxe6+ {[%clk 0:56:28]} Kh8 {[%clk 0:31:49]} 23. Qxe7
{[%clk 0:50:51]} Bxe4+ {[%clk 0:31:56]} 24. Kg1 {[%clk 0:50:51]} Bxe7
{[%clk 0:30:25]} 25. Bg2 {[%clk 0:51:13]} Bxg2 {[%clk 0:22:13]} 26. Kxg2
{[%clk 0:46:36]} Rc8 {[%clk 0:21:47]} 27. Rd1 {[%clk 0:41:07]} Bc5
{[%clk 0:17:38]} 28. Bf4 {[%clk 0:35:16]} Nc4 {[%clk 0:17:50]} 29. Rac1
{[%clk 0:33:12]} Ne3+ {[%clk 0:17:50]} 30. Bxe3 {[%clk 0:33:14]} dxe3
{[%clk 0:18:09]} 31. Rd3 {[%clk 0:30:28]} Re8 {[%clk 0:17:55]} 32. Re1
{[%clk 0:30:43]} h6 {[%clk 0:18:08]} 33. Re2 {[%clk 0:31:00]} Kh7
{[%clk 0:18:06]} 34. Rd5 {[%clk 0:30:43]} Re4 {[%clk 0:17:29]} 35. b3
{[%clk 0:31:06]} Kg6 {[%clk 0:17:29]} 36. Kf3 {[%clk 0:29:11]} Re7
{[%clk 0:17:31]} 37. g4 {[%clk 0:29:27]} Rf7+ {[%clk 0:16:32]} 38. Ke4
{[%clk 0:29:49]} Re7+ {[%clk 0:15:27]} 39. Kd3 {[%clk 0:30:00]} Kf6
{[%clk 0:15:28]} 40. h4 {[%clk 0:29:49]} Ke6 {[%clk 0:13:51]} 41. Kc4
{[%clk 0:23:59]} Rc7 {[%clk 0:11:56]} 42. Rf5 {[%clk 0:21:41]} g6
{[%clk 0:11:42]} 43. Rf3 {[%clk 0:21:02]} Ke5 {[%clk 0:11:34]} 44. Kd3
{[%clk 0:19:48]} Rd7+ {[%clk 0:11:42]} 45. Kc2 {[%clk 0:20:04]} Rd6
{[%clk 0:11:04]} 46. g5 {[%clk 0:19:13]} hxg5 {[%clk 0:11:01]} 47. hxg5
{[%clk 0:19:36]} Rc6 {[%clk 0:07:46]} 48. Kd1 {[%clk 0:11:25]} Rd6+
{[%clk 0:07:58]} 49. Ke1 {[%clk 0:11:40]} Rd3 {[%clk 0:07:06]} 50. Rb2
{[%clk 0:10:34]} Bd4 {[%clk 0:07:18]} 51. Ke2 {[%clk 0:09:10]} Ke4
{[%clk 0:07:31]} 52. Rh3 {[%clk 0:08:25]} Rc3 {[%clk 0:07:33]} 53. Rh4+
{[%clk 0:08:31]} Kd5 {[%clk 0:07:40]} 54. Ra2 {[%clk 0:07:33]} Rxb3
{[%clk 0:07:15]} 55. Rh6 {[%clk 0:07:32]} Rb1 {[%clk 0:06:26]} 56. Rxg6
{[%clk 0:07:33]} Rg1 {[%clk 0:06:03]} 57. Kf3 {[%clk 0:06:59]} Kc4
{[%clk 0:03:55]} 58. Rg2 {[%clk 0:05:39]} Rb1 {[%clk 0:03:04]} 59. Ke4
{[%clk 0:05:37]} Bc5 {[%clk 0:02:54]} 60. Rf6 {[%clk 0:04:47]} Kc3
{[%clk 0:01:15]} 61. g6 {[%clk 0:05:03]} Rb4+ {[%clk 0:01:35]} 62. Kf3
{[%clk 0:05:04]} Bd4 {[%clk 0:01:15]} 63. g7 {[%clk 0:04:11]} 1-0